000 00339pam a2200133 a 4500
020 _c
041 _h
082 _a336.24900000000002
_bGUP
100 _aGupta, N.H.
245 _aSocial Security Legislation For Labour In India
_hTextual Documents
260 _aNew Delhi
_bDeep And Deep Publication
300 _a384/CB
930 _a3442
999 _c110273
_d110273